Poverty, environment and development.

Hlavné zistenia a odporúčania výročnej správy Výboru OSN pre plánovanie rozvoja (CPD) za r. 1992, ktoré sa týka vzťahov medzi chudobou, životným prostredím a rozvojom. Skúma sa rozsah a príčiny degradácie pôdy, odlesnenia, nedostatku vodných zdrojov, degradácie prostredia a zdravia vidieckeho obyvat...

ver descrição completa

Na minha lista:
Detalhes bibliográficos
Autor principal: Simonis, U.E
Formato: Capítulo de Livro
Idioma:inglês
Assuntos:
Tags: Adicionar Tag
Sem tags, seja o primeiro a adicionar uma tag!

MARC

LEADER 00000naa a2200000 4500
001 r009928
005 20221208122657.0
041 0 |a eng 
044 |a DE 
245 1 0 |a Poverty, environment and development.  |c U.E. Simonis 
520 |a Hlavné zistenia a odporúčania výročnej správy Výboru OSN pre plánovanie rozvoja (CPD) za r. 1992, ktoré sa týka vzťahov medzi chudobou, životným prostredím a rozvojom. Skúma sa rozsah a príčiny degradácie pôdy, odlesnenia, nedostatku vodných zdrojov, degradácie prostredia a zdravia vidieckeho obyvateľstva, obmedzenia rastu populácie, prijateľného rozvoja poľnohospodárstva, sanácie krajiny, ohrozenia mestského obyvateľstva, národnej politiky prostredia, globálneho ohrozenia planéty, súčasných programov prijateľného rozvoja. 
610 2 0 |a prostredie životné 
610 2 0 |a ochrana prostredia životného 
610 2 0 |a rozvoj sociálno-ekonomický 
610 2 0 |a znečistenie ovzdušia 
610 2 0 |a OSN 
610 2 0 |a 1992 
610 2 0 |a chudoba 
100 1 |a Simonis, U.E.